000 00292nam a22001337a 4500
008 171101b xxu||||| |||| 00| 0 eng d
020 _a0140226222
041 _aeng
080 _24TH
_a339.9
100 _a59
101 _aGLO
245 _aRISE TO GLOBALISM
_cAMBROSE.S.E
942 _2udc
_cBK
999 _c37102
_d37102